Vista normal
Vista MARC
Entrada Materia (reunión)
Número de registros utilizados en: 1
001 - CONTROL NUMBER
- control field: 167029
003 - CONTROL NUMBER IDENTIFIER
- control field: Co-BoUCM
005 - DATE AND TIME OF LATEST TRANSACTION
- control field: 20211111081900.0
008 - FIXED-LENGTH DATA ELEMENTS
- fixed length control field: 211111|| aca||aabn | a|a d
040 ## - CATALOGING SOURCE
- Original cataloging agency: Co-BoUCM
- Transcribing agency: Co-BoUCM
111 ## - HEADING--MEETING NAME
- Meeting name or jurisdiction name as entry element: Seminario internazionale sul metodo mafioso
- Number of part/section/meeting: (2nd
- Date of meeting: 2008-2009
- Location of meeting: Palermo, Italy)
670 ## - SOURCE DATA FOUND
- Source citation: Work cat.: (Co-BoUCM)67765: Seminario internazionale sul metodo mafioso (2nd 2008-2009 Palermo, Italy), Criminalità dei potenti e metodo mafioso, c2009